000 00334 a2200157 4500
001 75526
020 _a9788539502691
040 _cAnchieta - Colégio São Paulo
100 _aKrulik,Nancy
240 1 0 _aKatie Kazoo
_lpor
245 1 0 _aKatie Kazoo
300 _a80
362 0 _a2013
650 4 _aLiteratura juvenil
942 _cBK
999 _c75526
_d75526